| 000 | 00665nam a2200241 a 4500 | ||
|---|---|---|---|
| 005 | 20210219153211.0 | ||
| 008 | 991125n 000 0 u | ||
| 035 | _aUPN01000083880 | ||
| 100 | _aFox, Marc | ||
| 222 | _aECONOMICS OF EDUCATION REVIEW | ||
| 245 | _aIs it a good investment to attend an elite private college? | ||
| 300 | _a137-151 | ||
| 362 | _a12, No. 2, 1993 | ||
| 505 | _aNoviembre 1993 | ||
| 653 | 0 | _aCALIDAD EDUCATIVA | |
| 653 | 0 | _aCAPITAL HUMANO | |
| 653 | 0 | _aCLASES PARTICULARES | |
| 653 | 0 | _aCOLEGIOS PRIVADOS | |
| 653 | 0 | _aCOSTOS POR ESTUDIANTE | |
| 653 | 0 | _aSELECCION DE COLEGIO | |
| 904 |
_aAC _b021691 |
||
| 905 | _aArticulo | ||
| 999 |
_c70903 _d70903 |
||